Logik der Entscheidungen
Salvato in:
| Autore principale: | |
|---|---|
| Altri autori: | |
| Natura: | Libro |
| Lingua: | tedesco |
| Pubblicazione: |
Wien
Oldenbourg
1967
|
| Edizione: | 1. Aufl. |
| Tags: |
Nessun Tag, puoi essere il primo ad aggiungerne!!
|
MARC
| LEADER | 00000nam a2200000 4500 | ||
|---|---|---|---|
| 001 | c024127 | ||
| 005 | 20221220102117.5 | ||
| 041 | 0 | |a ger | |
| 044 | |a AT | ||
| 245 | 1 | 0 | |a Logik der Entscheidungen |c Richard C. Jeffrey ; [Z angl. prel.] Thomas Cornides |
| 250 | |a 1. Aufl. | ||
| 264 | 1 | |a Wien |b Oldenbourg |c 1967 | |
| 300 | |a 271 s. | ||
| 100 | 1 | |a Jeffrey, Richard C. | |
| 700 | 1 | |a Cornides, Thomas | |